The Hottest Women of 2013: Men's Health - Statistics

General Stats
  • This quiz has been taken 416 times
  • The average score is 16 of 100
Answer Stats
# Answer % Correct
8 Beyonce
65%
15 Rihanna
58%
5 Jennifer Aniston
55%
2 Mila Kunis
51%
7 Angelina Jolie
50%
4 Jennifer Lawrence
50%
72 Jennifer Lopez
49%
1 Katy Perry
48%
6 Scarlett Johansson
47%
12 Taylor Swift
47%
88 Emma Watson
42%
13 Emma Stone
40%
14 Kate Upton
37%
83 Natalie Portman
33%
67 Shakira
32%
16 Jessica Alba
31%
94 Allison Williams
26%
26 Halle Berry
26%
93 Lady Gaga
26%
81 Michelle Williams
26%
53 Anne Hathaway
25%
21 Sofia Vergara
25%
47 Emilia Clarke
24%
84 Amy Adams
22%
37 January Jones
22%
60 Rashida Jones
22%
38 Kristen Bell
21%
29 Penelope Cruz
21%
33 Salma Hayek
21%
89 Kristen Stewart
20%
36 Charlize Theron
18%
78 Demi Lovato
18%
20 Adriana Lima
16%
91 Azealia Banks
16%
34 Elizabeth Banks
16%
39 Jessica Biel
16%
9 Gisele Bündchen
15%
31 Eva Mendes
14%
17 Blake Lively
13%
24 Carrie Underwood
13%
54 Kaley Cuoco
13%
73 Kate Middleton
13%
23 Miranda Kerr
13%
74 Sara Jean Underwood
13%
61 Kate Beckinsale
12%
25 Zooey Deschanel
12%
68 Ashley Greene
11%
43 Olivia Wilde
11%
22 Zoe Saldana
11%
40 Alison Brie
10%
69 Amanda Seyfried
10%
63 Anna Kendrick
10%
62 Katie Holmes
10%
56 Marion Cotillard
10%
11 Bar Refaeli
9%
3 Christina Hendricks
9%
92 Cobie Smulders
9%
85 Emily Blunt
9%
52 Naomi Watts
9%
10 Amber Heard
8%
27 Jennifer Love-Hewitt
8%
66 Nicole Scherzinger
8%
45 Alessandra Ambrosio
7%
77 Isla Fisher
7%
58 Olivia Munn
7%
32 Alicia Keys
6%
19 Brooklyn Decker
6%
98 Carly Rae Jespen
6%
75 Erin Andrews
6%
46 Kerry Washington
6%
49 Kristen Wiig
6%
86 Rooney Mara
6%
64 Irina Shayk
5%
96 Jordana Brewster
5%
70 Kat Dennings
5%
100 Maggie Grace
5%
30 Olga Kurylenko
5%
97 Rosie Huntington-Whitely
5%
35 Alex Morgan
4%
42 Jessica Gomes
4%
28 Julianne Hough
4%
57 Lauren Cohan
4%
41 Lena Headey
4%
48 Maria Menounos
4%
51 Ellie Kemper
3%
18 Katrina Bowden
3%
87 Abigail Spencer
2%
55 Alana Blachard
2%
79 Berenice Marlohe
2%
65 Cote de Pablo
2%
95 Deborah Ann Woll
2%
59 Jana Kramer
2%
80 Jessica Pare
2%
50 Malin Ackerman
2%
71 Morena Baccarin
2%
76 Rose Byrne
2%
90 Janelle Monae
1%
44 Julie Benz
1%
82 Padma Lakshmi
1%
99 Rachel Nichols
1%
No matching quizzes found
Score Distribution
Percent of People with Each Score
Percentile by Number Answered
Your Score History
You have not taken this quiz